[Event "35t. Copenhagen Open (Politiken Cup)"]
[Site "Elsinore"]
[Date "2013.08.04"]
[Round "10"]
[White "Kunin, Vitaly"]
[Black "Haubro, Martin"]
[Result "1-0"]
[WhiteElo "2502"]
[BlackElo "2201"]
[PlyCount "59"]
[EventDate "2013.07.27"]
[EventType "swiss"]
[EventRounds "10"]
[EventCountry "DEN"]
[Source "ChessBase"]
[SourceDate "2013.08.26"]

1. c4 e5 2. Nc3 d6 3. d4 exd4 4. Qxd4 Nc6 5. Qd2 Nf6 6. g3 g6 7. b3 Bg7 8. Bb2
O-O 9. Bg2 Re8 10. Nf3 Bf5 11. Nh4 Ne4 12. Bxe4 Bxe4 13. f3 Bf5 14. Nxf5 gxf5
15. O-O Qf6 16. e3 Rad8 17. Rab1 Qh6 18. Nd5 Rd7 19. Bxg7 Qxg7 20. Rbe1 Re5 21.
e4 Ne7 22. Nc3 Re6 23. f4 Qg6 24. Qf2 Qg7 25. Re3 b6 26. Kh1 Qg4 27. Rfe1 fxe4
28. Rxe4 Nc6 29. Nd5 Qf5 30. g4 1-0

[Event "35t. Copenhagen Open (Politiken Cup)"]
[Site "Elsinore"]
[Date "2013.08.04"]
[Round "10"]
[White "Kyrkjebo, Eirik"]
[Black "Hein, Jacob"]
[Result "1-0"]
[WhiteElo "1711"]
[BlackElo "1491"]
[PlyCount "61"]
[EventDate "2013.07.27"]
[EventType "swiss"]
[EventRounds "10"]
[EventCountry "DEN"]
[Source "ChessBase"]
[SourceDate "2013.08.26"]

1. e4 c5 2. Nc3 g6 3. g3 Bg7 4. Bg2 Nc6 5. d3 d6 6. Be3 Nf6 7. Qd2 Ng4 8. O-O-O
Nxe3 9. fxe3 O-O 10. Nge2 Bh6 11. Nf4 e5 12. Nfd5 Nd4 13. Qf2 f5 14. Rhf1 Be6
15. Kb1 fxe4 16. Nf6+ Kg7 17. Ncxe4 d5 18. exd4 cxd4 19. Nc5 Bg4 20. Nxg4 Rxf2
21. Ne6+ Kf7 22. Nxd8+ Rxd8 23. Rxf2+ Kg7 24. Nxh6 Kxh6 25. a3 a5 26. Re1 Re8
27. Bxd5 b5 28. Bc6 Rb8 29. Rxe5 b4 30. Rxa5 Rb6 31. Be4 1-0

[Event "35t. Copenhagen Open (Politiken Cup)"]
[Site "Elsinore"]
[Date "2013.08.04"]
[Round "10"]
[White "Kyrkjebo, Hanna Bakken"]
[Black "Satre, Mathias"]
[Result "0-1"]
[WhiteElo "1577"]
[BlackElo "1805"]
[PlyCount "136"]
[EventDate "2013.07.27"]
[EventType "swiss"]
[EventRounds "10"]
[EventCountry "DEN"]
[Source "ChessBase"]
[SourceDate "2013.08.26"]

1. e4 c5 2. Nc3 d6 3. f4 Nc6 4. Bb5 Bd7 5. Nf3 a6 6. Bxc6 Bxc6 7. d3 g6 8. O-O
Bg7 9. Qe1 Qd7 10. Be3 b5 11. Qg3 b4 12. Nd1 e6 13. f5 exf5 14. exf5 O-O-O 15.
d4 Ne7 16. dxc5 Nxf5 17. Qf2 Nxe3 18. Qxe3 Rhe8 19. Qf2 dxc5 20. Qxc5 Qb7 21.
Kh1 Kb8 22. Qf2 Bb5 23. Re1 Rxe1+ 24. Qxe1 Re8 25. Qg3+ Qc7 26. Qxc7+ Kxc7 27.
c3 g5 28. h3 h5 29. Nf2 Re2 30. Kg1 Rxb2 31. cxb4 Rxb4 32. Rc1+ Kb6 33. Rd1 g4
34. hxg4 hxg4 35. Nd2 Bd4 36. Nb3 Be3 37. g3 Ba4 38. Rd3 Bxb3 39. axb3 Bc5 40.
Kf1 Kb5 41. Ke2 Rd4 42. Re3 Rd7 43. Re4 f5 44. Re5 Re7 45. Rxe7 Bxe7 46. Nd3
Bd6 47. Kf2 Kc6 48. Nb2 Kc5 49. Nc4 Kd5 50. Ne3+ Ke4 51. Nc4 Bc7 52. Nb2 Kd4
53. Na4 a5 54. Kg2 Kd3 55. Nc5+ Kc3 56. Kh2 Bd6 57. Ne6 Kxb3 58. Nd4+ Kb2 59.
Nxf5 Bc5 60. Nh6 a4 61. Nxg4 Bd4 62. Nh6 a3 63. Nf5 Bc5 64. g4 a2 65. g5 a1=Q
66. g6 Qg1+ 67. Kh3 Qxg6 68. Ng3 Bd6 0-1

[Event "35t. Copenhagen Open (Politiken Cup)"]
[Site "Elsinore"]
[Date "2013.08.04"]
[Round "10"]
[White "Haagen Larsen, Hans"]
[Black "Larsen, Jens Evald"]
[Result "1-0"]
[WhiteElo "1712"]
[BlackElo "1533"]
[PlyCount "85"]
[EventDate "2013.07.27"]
[EventType "swiss"]
[EventRounds "10"]
[EventCountry "DEN"]
[Source "ChessBase"]
[SourceDate "2013.08.26"]

1. e4 e6 2. d4 d5 3. e5 c5 4. c3 Nc6 5. Nf3 Qb6 6. Bd3 Bd7 7. Bc2 cxd4 8. cxd4
Bb4+ 9. Nc3 Nge7 10. O-O Bxc3 11. bxc3 O-O 12. a4 Rfc8 13. Ba3 Qd8 14. Qd3 Ng6
15. Bc1 h6 16. h4 Rc7 17. h5 Nf8 18. Ba3 Ne7 19. Bd6 Rc6 20. g4 Rac8 21. Ra3 g6
22. hxg6 Nexg6 23. Qe3 Nh4 24. Bxf8 Nxf3+ 25. Qxf3 Qxf8 26. Rb3 R6c7 27. Qd3
Qg7 28. f3 Bxa4 29. Ra3 Bxc2 30. Qxc2 b6 31. Kf2 Qg6 32. Qd2 f6 33. Rh1 Rh7 34.
f4 Kh8 35. exf6 Qxf6 36. g5 Qg7 37. Rxh6 Rxh6 38. gxh6 Qh7 39. Qe3 Rc6 40. Qe5+
Kg8 41. Qg5+ Kh8 42. Qf6+ Kg8 43. Qd8+ 1-0

[Event "35t. Copenhagen Open (Politiken Cup)"]
[Site "Elsinore"]
[Date "2013.08.04"]
[Round "10"]
[White "Larsen, Karsten"]
[Black "Bruun, Hendrik Emil"]
[Result "1-0"]
[WhiteElo "2270"]
[BlackElo "2078"]
[PlyCount "85"]
[EventDate "2013.07.27"]
[EventType "swiss"]
[EventRounds "10"]
[EventCountry "DEN"]
[Source "ChessBase"]
[SourceDate "2013.08.26"]

1. e4 d6 2. d4 Nf6 3. Nc3 g6 4. Nf3 Bg7 5. Be2 O-O 6. O-O c5 7. d5 Bg4 8. a4
Na6 9. h3 Bxf3 10. Bxf3 Nd7 11. Be2 Nc7 12. Bg5 Rb8 13. Qd2 a6 14. a5 b5 15.
axb6 Rxb6 16. Ra2 Nb5 17. Nd1 Re8 18. c3 Qc8 19. Ne3 h6 20. Bf4 Kh7 21. Nc4 Rb8
22. Rfa1 Nc7 23. Bg3 Ra8 24. Bg4 Rb8 25. f4 h5 26. Bf3 Bh6 27. Qd3 h4 28. Bh2
f6 29. Bg4 Qd8 30. Rd1 Rf8 31. Re1 Qe8 32. Re2 Nb6 33. Na5 Qb5 34. c4 Qe8 35.
b3 Qf7 36. Nc6 Rb7 37. Re1 Bg7 38. Rae2 Nca8 39. Be6 Qe8 40. e5 dxe5 41. fxe5
f5 42. Na5 Ra7 43. d6 1-0

[Event "35t. Copenhagen Open (Politiken Cup)"]
[Site "Elsinore"]
[Date "2013.08.04"]
[Round "10"]
[White "Larsen, Ulrik"]
[Black "Fjellengen, Baard"]
[Result "1/2-1/2"]
[WhiteElo "1992"]
[BlackElo "1869"]
[PlyCount "27"]
[EventDate "2013.07.27"]
[EventType "swiss"]
[EventRounds "10"]
[EventCountry "DEN"]
[Source "ChessBase"]
[SourceDate "2013.08.26"]

1. e4 e5 2. Nf3 Nc6 3. Bb5 a6 4. Bxc6 dxc6 5. O-O Bg4 6. h3 Bxf3 7. Qxf3 Qf6 8.
Qg3 Bd6 9. d3 Qg6 10. Qxg6 hxg6 11. Be3 Nf6 12. Nd2 O-O-O 13. Nc4 Rhe8 14. a4
1/2-1/2

[Event "35t. Copenhagen Open (Politiken Cup)"]
[Site "Elsinore"]
[Date "2013.08.04"]
[Round "10"]
[White "Larsen, Ulrik Jejlskov"]
[Black "Nielsen, Jens Holm"]
[Result "0-1"]
[WhiteElo "1700"]
[BlackElo "1849"]
[PlyCount "52"]
[EventDate "2013.07.27"]
[EventType "swiss"]
[EventRounds "10"]
[EventCountry "DEN"]
[Source "ChessBase"]
[SourceDate "2013.08.26"]

1. d4 c5 2. e3 Nc6 3. Nf3 e6 4. c3 d5 5. Bd3 Be7 6. Nbd2 f5 7. Bb5 Bd7 8. Bxc6
Bxc6 9. Ne5 Nf6 10. O-O O-O 11. f4 Rc8 12. Rb1 Qb6 13. Ndf3 Bb5 14. Rf2 Ne4 15.
Rc2 Qa6 16. b3 cxd4 17. Ng5 Bxg5 18. fxg5 Nxc3 19. Qh5 Be8 20. g6 Bxg6 21. Nxg6
hxg6 22. Qxg6 Nxb1 23. Rxc8 Rxc8 24. Bb2 Nc3 25. exd4 Ne2+ 26. Kf2 Nf4 0-1

[Event "35t. Copenhagen Open (Politiken Cup)"]
[Site "Elsinore"]
[Date "2013.08.04"]
[Round "10"]
[White "Madsen, Ole Rysgaard"]
[Black "Hansen, Ole Foss"]
[Result "1-0"]
[WhiteElo "1919"]
[BlackElo "1779"]
[PlyCount "107"]
[EventDate "2013.07.27"]
[EventType "swiss"]
[EventRounds "10"]
[EventCountry "DEN"]
[Source "ChessBase"]
[SourceDate "2013.08.26"]

1. e4 Nf6 2. e5 Nd5 3. c4 Nb6 4. d4 d6 5. f4 dxe5 6. fxe5 Nc6 7. Be3 Bf5 8. a3
e6 9. Be2 Be7 10. Nf3 O-O 11. O-O f6 12. Nbd2 Qe8 13. d5 Nxe5 14. Bxb6 axb6 15.
Nh4 Bd3 16. dxe6 Bc5+ 17. Kh1 Qxe6 18. Nhf3 Bxc4 19. Nxc4 Nxc4 20. b4 Ne3 21.
Qc1 Bd6 22. Re1 Rfe8 23. Bf1 Qe4 24. Qd2 Qf4 25. Qd3 Kf8 26. Qxh7 Kf7 27. Qh5+
Ke7 28. Rxe3+ Qxe3 29. Re1 Qxe1 30. Nxe1 Rh8 31. Qe2+ Kd8 32. Nf3 Rxa3 33. Qb2
Rxf3 34. gxf3 Rxh2+ 35. Qxh2 Bxh2 36. Kxh2 g5 37. Kg3 Kd7 38. Kg4 c6 39. Kf5
Ke7 40. Bd3 b5 41. Be4 Kd6 42. Kxf6 b6 43. Kxg5 c5 44. f4 c4 45. f5 Ke5 46. Bb1
Kd4 47. f6 Kc3 48. f7 Kxb4 49. f8=Q+ Kb3 50. Qf2 c3 51. Qa2+ Kb4 52. Bc2 Kc5
53. Kf5 Kd4 54. Qb3 1-0

[Event "35t. Copenhagen Open (Politiken Cup)"]
[Site "Elsinore"]
[Date "2013.08.04"]
[Round "10"]
[White "Marthedal, Anton Mehmet Yildiz"]
[Black "Willumsen, Henrik"]
[Result "1-0"]
[WhiteElo "1644"]
[BlackElo "2127"]
[PlyCount "81"]
[EventDate "2013.07.27"]
[EventType "swiss"]
[EventRounds "10"]
[EventCountry "DEN"]
[Source "ChessBase"]
[SourceDate "2013.08.26"]

1. c4 g6 2. Nc3 Bg7 3. g3 d6 4. Bg2 Nc6 5. Nf3 e5 6. O-O Nh6 7. d3 Nf5 8. Rb1
h5 9. h3 Ncd4 10. Nd2 c6 11. b4 Bd7 12. Bb2 Qe7 13. e3 Ne6 14. Qb3 Bh6 15. Nde4
Kf8 16. Kh2 Kg7 17. Rbe1 f6 18. a4 Ng5 19. b5 Be6 20. Nxg5 Bxg5 21. bxc6 bxc6
22. Bxc6 Rab8 23. Qc2 h4 24. g4 Ng3 25. fxg3 hxg3+ 26. Kg2 Bxg4 27. Rh1 Bxh3+
28. Rxh3 Rbc8 29. Rxh8 Rxh8 30. Rh1 f5 31. Rxh8 Kxh8 32. Qb3 Qf8 33. Bd5 Bxe3
34. Qb7 Qh6 35. Qc8+ Kg7 36. Qd7+ Kf6 37. Qd8+ Kg7 38. Qe7+ Kh8 39. Qe8+ Kg7
40. Qf7+ Kh8 41. Qg8# 1-0

[Event "35t. Copenhagen Open (Politiken Cup)"]
[Site "Elsinore"]
[Date "2013.08.04"]
[Round "10"]
[White "Martinsen, Stig K"]
[Black "Hinrichs, Lars"]
[Result "1-0"]
[WhiteElo "2164"]
[BlackElo "1997"]
[PlyCount "47"]
[EventDate "2013.07.27"]
[EventType "swiss"]
[EventRounds "10"]
[EventCountry "DEN"]
[Source "ChessBase"]
[SourceDate "2013.08.26"]

1. e4 c5 2. Nc3 a6 3. g3 b5 4. Bg2 Bb7 5. d3 Nf6 6. f4 e6 7. Nf3 d5 8. e5 Nfd7
9. Qe2 Be7 10. O-O Qb6 11. Bd2 Nc6 12. Qf2 O-O-O 13. Rfe1 h6 14. Bh3 g5 15. f5
d4 16. Nd1 Na7 17. c3 Rdg8 18. f6 g4 19. fxe7 gxh3 20. cxd4 Qc6 21. Re4 h5 22.
Ng5 h4 23. gxh4 Rh7 24. e8=Q+ 1-0

[Event "35t. Copenhagen Open (Politiken Cup)"]
[Site "Elsinore"]
[Date "2013.08.04"]
[Round "10"]
[White "Matthiesen, Martin"]
[Black "Rolvag, Mikael"]
[Result "1/2-1/2"]
[WhiteElo "2275"]
[BlackElo "2162"]
[PlyCount "51"]
[EventDate "2013.07.27"]
[EventType "swiss"]
[EventRounds "10"]
[EventCountry "DEN"]
[Source "ChessBase"]
[SourceDate "2013.08.26"]

1. d4 Nf6 2. c4 e6 3. Nc3 Bb4 4. Qc2 d5 5. cxd5 Qxd5 6. Nf3 Qf5 7. Qb3 Nc6 8.
Bd2 a5 9. a3 Bxc3 10. Bxc3 O-O 11. g3 a4 12. Qc4 Nd5 13. Bg2 Nb6 14. Qc5 Qxc5
15. dxc5 Nd5 16. Bd2 Nde7 17. Bf4 Nd5 18. Bd2 Nde7 19. Bf4 Nd5 20. Ne5 Na5 21.
Rc1 f6 22. Nd3 Nxf4 23. gxf4 Nb3 24. Rc3 Ra5 25. O-O Rd8 26. Re1 1/2-1/2

[Event "35t. Copenhagen Open (Politiken Cup)"]
[Site "Elsinore"]
[Date "2013.08.04"]
[Round "10"]
[White "Merkesvik, Frode"]
[Black "Svorono, Gabriel"]
[Result "0-1"]
[WhiteElo "1611"]
[BlackElo "1819"]
[PlyCount "56"]
[EventDate "2013.07.27"]
[EventType "swiss"]
[EventRounds "10"]
[EventCountry "DEN"]
[Source "ChessBase"]
[SourceDate "2013.08.26"]

1. d4 f5 2. c4 Nf6 3. Nc3 e6 4. Nf3 c6 5. Bf4 d5 6. Bxb8 Rxb8 7. e3 Bd6 8. cxd5
exd5 9. a3 Qe7 10. h3 O-O 11. Qd2 Bd7 12. Be2 Ne4 13. Qc2 Qe8 14. Nxe4 fxe4 15.
Nd2 Qf7 16. Rf1 Qg6 17. O-O-O Qxg2 18. Bg4 Bxg4 19. hxg4 Rxf2 20. Rxf2 Qxf2 21.
Kb1 Qxe3 22. Nb3 Rf8 23. Na5 Rf2 24. Qc1 Qxc1+ 25. Kxc1 Bf4+ 26. Kb1 e3 27. Ka2
e2 28. Rg1 Rf1 0-1

[Event "35t. Copenhagen Open (Politiken Cup)"]
[Site "Elsinore"]
[Date "2013.08.04"]
[Round "10"]
[White "Narheim, Mats"]
[Black "Kristensen, Thomas Overgaard"]
[Result "0-1"]
[WhiteElo "1315"]
[BlackElo "1645"]
[PlyCount "60"]
[EventDate "2013.07.27"]
[EventType "swiss"]
[EventRounds "10"]
[EventCountry "DEN"]
[Source "ChessBase"]
[SourceDate "2013.08.26"]

1. e4 c6 2. Nf3 d5 3. exd5 cxd5 4. d4 Bg4 5. Bf4 e6 6. Bxb8 Rxb8 7. Bb5+ Ke7 8.
Nc3 Nf6 9. Qe2 g6 10. Qe5 Bxf3 11. gxf3 Bh6 12. f4 Qb6 13. O-O-O Rhd8 14. Ba4
Rbc8 15. Rd3 Nh5 16. Ne2 Nf6 17. Rb3 Qxb3 18. Bxb3 Ng4 19. Qg5+ Bxg5 20. fxg5
Nxf2 21. Rf1 Ne4 22. h4 Rf8 23. Nf4 b5 24. Re1 Kd6 25. c3 Nxc3 26. bxc3 Rxc3+
27. Kd2 Rfc8 28. Nd3 a5 29. Rc1 Rxd3+ 30. Kxd3 Rxc1 0-1

[Event "35t. Copenhagen Open (Politiken Cup)"]
[Site "Elsinore"]
[Date "2013.08.04"]
[Round "10"]
[White "Nielsen, Bjorn"]
[Black "Edwardsson, Hannu Kalervo"]
[Result "0-1"]
[WhiteElo "1458"]
[BlackElo "1474"]
[PlyCount "144"]
[EventDate "2013.07.27"]
[EventType "swiss"]
[EventRounds "10"]
[EventCountry "DEN"]
[Source "ChessBase"]
[SourceDate "2013.08.26"]

1. e4 e5 2. Nf3 d6 3. Bc4 Be6 4. Be2 Nf6 5. Nc3 Be7 6. O-O O-O 7. d3 Nbd7 8.
Ng5 h6 9. Nxe6 fxe6 10. Be3 Nh7 11. Bg4 Bg5 12. Bxe6+ Kh8 13. Qe2 Bxe3 14. Qxe3
Ng5 15. Bg4 Nf6 16. Be2 c6 17. f3 d5 18. exd5 cxd5 19. Qf2 d4 20. Ne4 Ngxe4 21.
dxe4 Nxe4 22. Qe1 Nd6 23. Bd3 Qe8 24. Qd2 Nf5 25. Bxf5 Rxf5 26. Rae1 Qb5 27. b3
Qb6 28. Kh1 Qc7 29. Re4 Rc8 30. Rf2 Rff8 31. Qd3 Qd6 32. a4 Rc3 33. Qd2 Rfc8
34. h3 Qc7 35. Qd1 d3 36. Rc4 Rxc4 37. bxc4 Qxc4 38. cxd3 Qd4 39. Rc2 Rxc2 40.
Qxc2 Kh7 41. Qc4 Qxc4 42. dxc4 Kg6 43. Kg1 Kf6 44. Kf2 Ke6 45. Ke3 Kd6 46. Kd3
Kc6 47. Kc3 g6 48. g4 g5 49. a5 b6 50. a6 b5 51. cxb5+ Kxb5 52. Kd3 Kxa6 53.
Ke4 Kb5 54. Kf5 a5 55. Kg6 a4 56. Kxh6 a3 57. Kxg5 a2 58. Kh6 a1=Q 59. g5 Qc1
60. h4 Qf4 61. h5 Qf8+ 62. Kg6 Qxf3 63. h6 Qf8 64. h7 e4 65. Kh5 Qg7 66. g6 e3
67. Kg5 e2 68. Kf5 e1=Q 69. Kg5 Qee5+ 70. Kg4 Qxg6+ 71. Kf3 Qxh7 72. Kg4 Qhh5#
0-1

[Event "35t. Copenhagen Open (Politiken Cup)"]
[Site "Elsinore"]
[Date "2013.08.04"]
[Round "10"]
[White "Nielsen, Ejgild"]
[Black "Schmied, Andreas"]
[Result "1/2-1/2"]
[WhiteElo "1900"]
[BlackElo "2063"]
[PlyCount "97"]
[EventDate "2013.07.27"]
[EventType "swiss"]
[EventRounds "10"]
[EventCountry "DEN"]
[Source "ChessBase"]
[SourceDate "2013.08.26"]

1. d4 Nf6 2. Nf3 g6 3. Bf4 Bg7 4. e3 d6 5. h3 O-O 6. Be2 c5 7. c3 Nc6 8. Nbd2
Be6 9. O-O Qb6 10. Qc2 Rac8 11. dxc5 Qxc5 12. Nb3 Qb6 13. Ng5 Bd7 14. e4 h6 15.
Be3 Qc7 16. Nf3 a6 17. Rad1 Rfd8 18. Qc1 Kh7 19. Nfd2 Na5 20. f3 Nxb3 21. Nxb3
Be6 22. Qb1 Bc4 23. Nc1 b5 24. Rfe1 Qb7 25. Bd3 Bxd3 26. Nxd3 a5 27. Nf4 e6 28.
Qd3 d5 29. e5 Nd7 30. Bd4 b4 31. h4 Kg8 32. Qe3 bxc3 33. bxc3 Rc4 34. Rb1 Qc7
35. Nd3 Rb8 36. f4 Ra4 37. Qf2 Ra3 38. Rxb8+ Qxb8 39. Qc2 Qb5 40. Rb1 Qa4 41.
Qxa4 Rxa4 42. Rb7 Nf8 43. Nc1 Nh7 44. Kf2 Bf8 45. Ke3 Ba3 46. Rb8+ Kg7 47. Nb3
Be7 48. g3 Rxa2 49. Rb7 1/2-1/2

[Event "35t. Copenhagen Open (Politiken Cup)"]
[Site "Elsinore"]
[Date "2013.08.04"]
[Round "10"]
[White "Nielsen, Jan Mose"]
[Black "Rosenkilde, Alexander"]
[Result "0-1"]
[WhiteElo "2088"]
[BlackElo "2260"]
[PlyCount "60"]
[EventDate "2013.07.27"]
[EventType "swiss"]
[EventRounds "10"]
[EventCountry "DEN"]
[Source "ChessBase"]
[SourceDate "2013.08.26"]

1. e4 c5 2. d4 cxd4 3. c3 dxc3 4. Nxc3 Nc6 5. Nf3 d6 6. Bc4 a6 7. O-O Nf6 8.
Bf4 b5 9. Bb3 Bg4 10. e5 dxe5 11. Nxe5 Nxe5 12. Qxd8+ Rxd8 13. Bxe5 Nd7 14. Bf4
e6 15. h3 Bf5 16. Rfd1 Be7 17. Re1 Nc5 18. Be3 O-O 19. Bxc5 Bxc5 20. Rad1 h6
21. a4 b4 22. Ne4 Rxd1 23. Bxd1 Bd4 24. b3 Rd8 25. Bf3 e5 26. a5 Be6 27. Be2
Bxb3 28. Bxa6 Bc2 29. Bb7 b3 30. a6 b2 0-1

[Event "35t. Copenhagen Open (Politiken Cup)"]
[Site "Elsinore"]
[Date "2013.08.04"]
[Round "10"]
[White "Nilsen, Martin"]
[Black "Evertsson, Lennart"]
[Result "1-0"]
[WhiteElo "1820"]
[BlackElo "2200"]
[PlyCount "89"]
[EventDate "2013.07.27"]
[EventType "swiss"]
[EventRounds "10"]
[EventCountry "DEN"]
[Source "ChessBase"]
[SourceDate "2013.08.26"]

1. f4 d6 2. Nf3 Bg4 3. Nc3 Nd7 4. d4 g6 5. e4 Bg7 6. Be3 c6 7. Bc4 e6 8. O-O
Ngf6 9. Qd2 Bxf3 10. Rxf3 Ng4 11. f5 Nxe3 12. Qxe3 Qe7 13. fxe6 fxe6 14. Raf1
Rf8 15. Ne2 O-O-O 16. Nf4 Rxf4 17. Rxf4 Bh6 18. Qh3 Bxf4 19. Rxf4 d5 20. Bd3 e5
21. Rh4 exd4 22. Rxh7 Qb4 23. exd5 Qe1+ 24. Bf1 cxd5 25. Rh8 Qe5 26. Rxd8+ Kxd8
27. Qg3 Qf6 28. Qf3 Qe6 29. Qe2 Qb6 30. Qb5 Qxb5 31. Bxb5 Ne5 32. h4 Ke7 33.
Kf2 Kf6 34. Bd3 a5 35. a4 g5 36. hxg5+ Kxg5 37. Bh7 Kg4 38. Ke2 Kg3 39. Bg8 Nc4
40. b3 Ne3 41. Kd3 Kf2 42. Kxd4 Nxc2+ 43. Kxd5 Ke3 44. Kc5 Nb4 45. Kb6 1-0

[Event "35t. Copenhagen Open (Politiken Cup)"]
[Site "Elsinore"]
[Date "2013.08.04"]
[Round "10"]
[White "Nilssen, John Arni"]
[Black "Rasmussen, Allan Stig"]
[Result "1/2-1/2"]
[WhiteElo "2353"]
[BlackElo "2502"]
[PlyCount "158"]
[EventDate "2013.07.27"]
[EventType "swiss"]
[EventRounds "10"]
[EventCountry "DEN"]
[Source "ChessBase"]
[SourceDate "2013.08.26"]

1. d4 Nf6 2. c4 e6 3. Nc3 Bb4 4. Qc2 c5 5. dxc5 O-O 6. a3 Bxc5 7. Nf3 Qb6 8. e3
Be7 9. Be2 d6 10. O-O Nbd7 11. b3 a6 12. Bb2 Qc7 13. Rac1 b6 14. Nd4 Bb7 15.
Bf3 Bxf3 16. Nxf3 Rac8 17. Qe2 Nc5 18. Nd2 Qb7 19. Rfd1 Rc7 20. a4 Rd8 21. h3
h6 22. Ba3 d5 23. b4 Ncd7 24. cxd5 exd5 25. Nf3 a5 26. Qb2 axb4 27. Bxb4 Bxb4
28. Qxb4 Rdc8 29. Ne2 Rc4 30. Rxc4 Rxc4 31. Qb5 Qa8 32. Rd4 Rc5 33. Qb3 Ne4 34.
Nd2 Nef6 35. Nf3 Qc6 36. Rb4 Ne4 37. Rd4 g5 38. Rd1 h5 39. Nfd4 Qf6 40. f3 Nd6
41. h4 g4 42. fxg4 hxg4 43. g3 Qe5 44. Rf1 Nc4 45. Rf5 Qxe3+ 46. Qxe3 Nxe3 47.
Rg5+ Kf8 48. Kf2 Nd1+ 49. Ke1 Nb2 50. Nb3 Rc2 51. Rxd5 Ke7 52. Nbd4 Rc5 53.
Nf5+ Ke8 54. Nd6+ Kf8 55. Rd2 Ne5 56. Kf2 Nbd3+ 57. Kg2 Nf3 58. Ra2 Rd5 59. Nc4
b5 60. Ne3 Nfe1+ 61. Kf1 Re5 62. Nxg4 Re4 63. Nf2 Rxa4 64. Rxa4 bxa4 65. Nc3 a3
66. Na2 Ke7 67. Nxd3 Nxd3 68. Ke2 Ne5 69. Ke3 f5 70. Kd4 Kf6 71. Kc3 Kg6 72.
Nc1 Kh5 73. Kb3 Kg4 74. Ne2 Nc4 75. Nd4 Nd2+ 76. Kxa3 f4 77. gxf4 Kxf4 78. h5
Kg5 79. h6 Kxh6 1/2-1/2

[Event "35t. Copenhagen Open (Politiken Cup)"]
[Site "Elsinore"]
[Date "2013.08.04"]
[Round "10"]
[White "Ochsner, Bjorn Moller"]
[Black "Lund, Silas"]
[Result "1-0"]
[WhiteElo "2343"]
[BlackElo "2421"]
[PlyCount "153"]
[EventDate "2013.07.27"]
[EventType "swiss"]
[EventRounds "10"]
[EventCountry "DEN"]
[Source "ChessBase"]
[SourceDate "2013.08.26"]

1. e4 e5 2. Nf3 Nc6 3. Bb5 Nf6 4. O-O Nxe4 5. d4 Nd6 6. Bxc6 dxc6 7. dxe5 Nf5
8. Qxd8+ Kxd8 9. Nc3 Ke8 10. h3 a5 11. a3 a4 12. Re1 Ne7 13. Ne4 Ng6 14. Bd2 h6
15. Rad1 Bd7 16. Bb4 b6 17. Bxf8 Rxf8 18. Nc3 Ra5 19. Nd4 Ke7 20. g4 Nf4 21.
Kh2 g5 22. Kg3 Re8 23. Ne4 Rxe5 24. Nxg5 Ne2+ 25. Nxe2 hxg5 26. Nc3 Rxe1 27.
Rxe1+ Kf6 28. Rxe8 Bxe8 29. Nxa4 Ke5 30. Nc3 Bd7 31. Ne2 Ke4 32. Nc3+ Ke5 33.
Nd1 f5 34. gxf5 Bxf5 35. Ne3 Be6 36. Ng4+ Kf5 37. Ne3+ Ke5 38. Ng4+ Kf5 39. f3
c5 40. Ne3+ Ke5 41. Ng4+ Kf5 42. Nf2 c4 43. Ng4 b5 44. c3 Bd7 45. Ne3+ Ke5 46.
Ng2 Be8 47. h4 gxh4+ 48. Nxh4 Bd7 49. Kf2 Kf4 50. Ng2+ Ke5 51. Ke3 c5 52. Nh4
Bc6 53. Ng6+ Kf6 54. Nf4 Ke5 55. Ne2 Be8 56. Ng3 Bg6 57. Ne4 Kd5 58. Kf4 Bf7
59. Nf6+ Ke6 60. Kg5 Ke5 61. f4+ Ke6 62. Ng4 Kd5 63. Nf6+ Ke6 64. Ng4 Kd5 65.
Kf6 Bh5 66. Nf2 Be8 67. Ke7 Bg6 68. Kf6 Be8 69. f5 Bh5 70. Ke7 Ke5 71. f6 Kf4
72. f7 Bxf7 73. Kxf7 Ke3 74. Ke6 Kd2 75. Kd5 Kc2 76. Kxc5 Kxb2 77. Kb4 1-0

[Event "35t. Copenhagen Open (Politiken Cup)"]
[Site "Elsinore"]
[Date "2013.08.04"]
[Round "10"]
[White "Olsen, Filip Boe"]
[Black "Quinn, David"]
[Result "0-1"]
[WhiteElo "1753"]
[BlackElo "1983"]
[PlyCount "98"]
[EventDate "2013.07.27"]
[EventType "swiss"]
[EventRounds "10"]
[EventCountry "DEN"]
[Source "ChessBase"]
[SourceDate "2013.08.26"]

1. d4 Nf6 2. Nf3 g6 3. Bf4 Bg7 4. e3 O-O 5. c4 d6 6. Nc3 Nbd7 7. Be2 c6 8. O-O
Re8 9. h3 e5 10. dxe5 dxe5 11. Nxe5 Qe7 12. Nxd7 Nxd7 13. Qc2 Ne5 14. Rad1 Be6
15. b3 h5 16. Rd2 Qb4 17. Nb1 a5 18. a3 Qe7 19. Rfd1 Bf5 20. e4 Be6 21. Bg3 Qg5
22. Kh1 f5 23. Bh2 f4 24. f3 Qf6 25. Rd6 Bf8 26. R6d2 g5 27. Qc3 Bg7 28. Rd6
Qg6 29. Qe1 Bf8 30. R6d2 Qf6 31. Qf2 a4 32. b4 Bxc4 33. Bxc4+ Nxc4 34. Rd3 Nb2
35. Bg1 Nxd3 36. Rxd3 Red8 37. Rxd8 Rxd8 38. Qc2 b5 39. e5 Qxe5 40. Qxc6 Bg7
41. Qb6 Rd1 42. Qg6 Qe1 43. Qb6 Qe8 44. Qb7 Rxb1 45. Qd5+ Kh7 46. Qxg5 Qg6 47.
Qxb5 Rb2 48. Qf1 Qc2 49. Kh2 Qe2 0-1

[Event "35t. Copenhagen Open (Politiken Cup)"]
[Site "Elsinore"]
[Date "2013.08.04"]
[Round "10"]
[White "Olsson, Tomas"]
[Black "Kearsley, Raymond J"]
[Result "1-0"]
[WhiteElo "1932"]
[BlackElo "1764"]
[PlyCount "47"]
[EventDate "2013.07.27"]
[EventType "swiss"]
[EventRounds "10"]
[EventCountry "DEN"]
[Source "ChessBase"]
[SourceDate "2013.08.26"]

1. e4 c5 2. Nf3 e6 3. d4 cxd4 4. Nxd4 Bc5 5. Nb3 Bb6 6. Nc3 Nc6 7. Be2 Nge7 8.
Bg5 O-O 9. Qd2 d5 10. exd5 exd5 11. Rd1 Be6 12. Nb5 Qd7 13. O-O Rac8 14. c3 f6
15. Be3 Bxe3 16. Qxe3 Nf5 17. Qd2 Ne5 18. N5d4 Bf7 19. Bb5 Nc6 20. Nc5 Qe7 21.
Nxf5 Qxc5 22. Bxc6 bxc6 23. b4 Qb6 24. Ne7+ 1-0

[Event "35t. Copenhagen Open (Politiken Cup)"]
[Site "Elsinore"]
[Date "2013.08.04"]
[Round "10"]
[White "Ottesen, Soren Rud"]
[Black "Jarlnaes, Erik"]
[Result "0-1"]
[WhiteElo "1782"]
[BlackElo "1961"]
[PlyCount "44"]
[EventDate "2013.07.27"]
[EventType "swiss"]
[EventRounds "10"]
[EventCountry "DEN"]
[Source "ChessBase"]
[SourceDate "2013.08.26"]

1. e4 e6 2. d4 d5 3. e5 c5 4. c3 Nc6 5. Nf3 Qb6 6. a3 a5 7. Be2 cxd4 8. cxd4
Nge7 9. Nc3 Nf5 10. Bb5 Be7 11. O-O O-O 12. Be3 Bd7 13. Qa4 f6 14. g4 Nxe3 15.
fxe3 fxe5 16. Nxe5 Nxe5 17. Bxd7 Nf3+ 18. Kg2 Qxb2+ 19. Rf2 Nh4+ 20. Kh3 Qxf2
21. Bxe6+ Kh8 22. Bxd5 Rf3+ 0-1

[Event "35t. Copenhagen Open (Politiken Cup)"]
[Site "Elsinore"]
[Date "2013.08.04"]
[Round "10"]
[White "Pedersen, Carl Aage"]
[Black "Nordin, Eric"]
[Result "1/2-1/2"]
[WhiteElo "1734"]
[BlackElo "1874"]
[PlyCount "25"]
[EventDate "2013.07.27"]
[EventType "swiss"]
[EventRounds "10"]
[EventCountry "DEN"]
[Source "ChessBase"]
[SourceDate "2013.08.26"]

1. d4 d6 2. c4 g6 3. Nc3 Bg7 4. e4 Nd7 5. f3 e5 6. Be3 Ne7 7. Nge2 O-O 8. Qd2
exd4 9. Nxd4 Nc6 10. Be2 Nxd4 11. Bxd4 Bxd4 12. Qxd4 Qf6 13. Qxf6 1/2-1/2